000 01672nam a2200529 i 4500
001 5976
003 KOSZ 005
005 20190924120516.0
008 970510s1993 pl a f |000 0 pol
015 _aPB 1993/7292
020 _a832041640X
035 _a991001047539705066
035 _a(PL-WaBN)b10314726-48omnis_nlop
035 _ab10314726
035 _a(OCoLC)830056359
035 _a(PL)b0000001031472
035 _a(EXLNZ-48OMNIS_NETWORK)9910509442305606
040 _aWA N
_cWA N
_dKOSZ 005/EG
041 _apol
046 _k1993
080 _a621.43
080 _a621.1
080 _a536
080 _a(075.8)
100 1 _aŻmudzki, Stefan
_d(1939- )
_eAutor
245 1 0 _aSilniki Stirlinga /
_cStefan Żmudzki.
260 _aWarszawa :
_bWydawnictwa Naukowo-Techniczne,
_c1993.
300 _a182, [2] s. :
_bfot., rys., wykr. ;
_c24 cm.
336 _2rdacontent
_aTekst
_btxt
337 _2rdamedia
_aBez urządenia pośredniczącego
_bn
338 _2rdacarrier
_aWolumin
_bnc
380 _aKsiążki
380 _aPublikacje dydaktyczne
385 _mPoziom nauczania
_aSzkoły wyższe
388 _a1901-2000
388 _a1989-2000
504 _aBibliogr. s. 180-[183].
650 7 _aSilniki spalinowe
_2DBN
650 7 _aBudowa i konstrukcje
650 7 _aTermodynamika techniczna
_2DBN
655 7 _aPodręczniki akademickie
_2DBN
658 _aInżynieria i technika
710 2 _aWydawnictwa Naukowo-Techniczne
_4pbl
856 4 1 _uhttp://koha.tu.koszalin.pl/cgi-bin/koha/opac-detail.pl?biblionumber=5976
_yKatalog online BPK
942 _2UKD
_cKS
999 _c5976
_d5976